00504nam a2200193 a 4500001001300000003000900013005001700022008004100039020002200080082001700102100001400119245004600133260003100179300000900210500003500219505001700254650002500271700001400296nice12345678IN_TiNIC20260116013317.0050524s1999 dela grp 000 0 eng  a8174958 c6000a248.24bRAJ1 aRaju, M P aReligious Conversionb Legal Implications aDelhi bMedia House c1999 a175p aincludes index and biblioraphy2 aBibliography aConversion-Religious1 aRaju, M P